[Event "WYCC Open U18"]
[Site "Porto Carras"]
[Date "2015.10.29"]
[Round "5.7"]
[White "Khodashenas, Mersad"]
[Black "Vavulin, Maksim"]
[Result "1/2-1/2"]
[BlackElo "2441"]
[WhiteElo "2350"]
[LiveChessVersion "1.4.6"]

1. e4 {[%clk 1:30:58]} g6 {[%clk 1:30:49]} 2. d4 {[%clk 1:31:21]} Bg7
{[%clk 1:31:14]} 3. Nc3 {[%clk 1:31:44]} d6 {[%clk 1:31:36]} 4. Nf3
{[%clk 1:32:07]} a6 {[%clk 1:31:38]} 5. a4 {[%clk 1:32:01]} b6 {[%clk 1:31:35]}
6. Be2 {[%clk 1:31:23]} e6 {[%clk 1:29:49]} 7. Bg5 {[%clk 1:27:02]} Ne7
{[%clk 1:29:54]} 8. Qd2 {[%clk 1:26:06]} h6 {[%clk 1:29:24]} 9. Be3
{[%clk 1:25:35]} Bb7 {[%clk 1:29:05]} 10. Nh4 {[%clk 1:16:06]} g5
{[%clk 1:20:27]} 11. Nf3 {[%clk 1:15:51]} Ng6 {[%clk 1:20:15]} 12. O-O-O
{[%clk 1:13:16]} Nd7 {[%clk 1:17:11]} 13. h4 {[%clk 1:00:34]} g4 {[%clk 1:09:57]}
14. Ne1 {[%clk 0:59:03]} h5 {[%clk 1:10:12]} 15. g3 {[%clk 0:56:27]} f5
{[%clk 0:52:04]} 16. f3 {[%clk 0:44:31]} Nf6 {[%clk 0:51:49]} 17. exf5
{[%clk 0:34:30]} exf5 {[%clk 0:50:30]} 18. Rf1 {[%clk 0:34:58]} O-O
{[%clk 0:33:38]} 19. Bd3 {[%clk 0:22:40]} Qd7 {[%clk 0:19:19]} 20. Bh6
{[%clk 0:22:16]} Nh7 {[%clk 0:16:05]} 21. fxg4 {[%clk 0:17:39]} hxg4
{[%clk 0:16:22]} 22. Bxg7 {[%clk 0:17:54]} Kxg7 {[%clk 0:16:48]} 23. Ng2
{[%clk 0:18:12]} b5 {[%clk 0:15:14]} 24. Nf4 {[%clk 0:12:04]} Nxf4
{[%clk 0:11:41]} 25. Qxf4 {[%clk 0:12:33]} b4 {[%clk 0:08:39]} 26. Ne2
{[%clk 0:09:26]} Bf3 {[%clk 0:08:24]} 27. b3 {[%clk 0:02:15]} Rae8
{[%clk 0:05:29]} 28. Rde1 {[%clk 0:02:26]} Qc6 {[%clk 0:05:08]} 29. d5
{[%clk 0:02:06]} Qxd5 {[%clk 0:02:31]} 30. Nd4 {[%clk 0:01:12]} Be4
{[%clk 0:00:52]} 31. Nxf5+ {[%clk 0:01:09]} Qxf5 {[%clk 0:00:35]} 32. Qxf5
{[%clk 0:00:36]} Bxf5 {[%clk 0:01:01]} 33. Rxe8 {[%clk 0:00:50]} Rxe8
{[%clk 0:01:30]} 34. Bxf5 {[%clk 0:00:43]} Nf6 {[%clk 0:00:34]} 35. Kd2
{[%clk 0:00:40]} Re5 {[%clk 0:00:32]} 36. Rf4 {[%clk 0:00:54]} a5
{[%clk 0:00:35]} 37. Bxg4 {[%clk 0:00:34]} Ne4+ {[%clk 0:00:35]} 38. Kd3
{[%clk 0:00:34]} Nxg3 {[%clk 0:00:34]} 39. Rf3 {[%clk 0:00:32]} Ne4
{[%clk 0:00:42]} 40. Rf5 {[%clk 0:30:33]} Nc5+ {[%clk 0:30:38]} 41. Kd2
{[%clk 0:29:30]} Re4 {[%clk 0:20:13]} 42. Rg5+ {[%clk 0:27:29]} Kf6
{[%clk 0:20:21]} 43. Rg8 {[%clk 0:23:35]} Kf7 {[%clk 0:14:45]} 44. Rg5
{[%clk 0:23:37]} Kf6 {[%clk 0:14:44]} 45. Kd1 {[%clk 0:18:12]} Ne6
{[%clk 0:02:58]} 46. Bxe6 {[%clk 0:07:11]} Kxe6 {[%clk 0:03:24]} 47. Rxa5
{[%clk 0:07:06]} Rxh4 {[%clk 0:03:37]} 48. Rg5 {[%clk 0:07:11]} c5
{[%clk 0:02:53]} 49. Kd2 {[%clk 0:07:07]} Kd7 {[%clk 0:02:42]} 50. Rg2
{[%clk 0:06:42]} Kc6 {[%clk 0:02:44]} 51. Re2 {[%clk 0:06:54]} Rh3
{[%clk 0:02:39]} 52. Re3 {[%clk 0:06:58]} Rh4 {[%clk 0:02:32]} 53. Kd3
{[%clk 0:06:27]} Rd4+ {[%clk 0:02:47]} 54. Ke2 {[%clk 0:06:56]} Rh4
{[%clk 0:03:05]} 55. Kd2 {[%clk 0:07:07]} Rd4+ {[%clk 0:02:43]} 56. Kc1
{[%clk 0:07:22]} Rh4 {[%clk 0:02:55]} 57. Kb2 {[%clk 0:05:41]} Rh2
{[%clk 0:02:51]} 58. Rg3 {[%clk 0:05:56]} Rf2 {[%clk 0:03:00]} 59. Rg8
{[%clk 0:05:31]} Rh2 {[%clk 0:02:58]} 60. Rb8 {[%clk 0:05:43]} Kc7
{[%clk 0:03:13]} 61. Ra8 {[%clk 0:05:57]} Kb7 {[%clk 0:03:14]} 62. Rg8
{[%clk 0:06:19]} Kc6 {[%clk 0:03:31]} 63. Rg7 {[%clk 0:06:48]} Rf2
{[%clk 0:02:19]} 64. Kc1 {[%clk 0:06:33]} Rh2 {[%clk 0:02:41]} 65. Kd1
{[%clk 0:06:57]} Kb6 {[%clk 0:02:47]} 66. Re7 {[%clk 0:07:08]} Kc6
{[%clk 0:02:41]} 67. Re2 {[%clk 0:06:50]} Rh3 {[%clk 0:02:45]} 68. Kd2
{[%clk 0:07:13]} Rg3 {[%clk 0:03:00]} 69. Re7 {[%clk 0:07:25]} Rg2+
{[%clk 0:03:07]} 70. Kd3 {[%clk 0:07:38]} Rg3+ {[%clk 0:03:31]} 71. Re3
{[%clk 0:07:52]} Rg4 {[%clk 0:03:45]} 72. Re2 {[%clk 0:07:56]} Rh4
{[%clk 0:02:58]} 73. Ke3 {[%clk 0:08:15]} Rg4 {[%clk 0:02:21]} 74. Kf3
{[%clk 0:08:29]} Rd4 {[%clk 0:02:28]} 75. Ke3 {[%clk 0:08:51]} Rg4
{[%clk 0:02:43]} 76. Rd2 {[%clk 0:09:19]} Rh4 {[%clk 0:02:20]} 77. Kf3
{[%clk 0:09:48]} Kc7 {[%clk 0:02:25]} 1/2-1/2

[Event "WYCC Open U18"]
[Site "Porto Carras"]
[Date "2015.10.29"]
[Round "5.8"]
[White "Ali Marandi, Cemil Can"]
[Black "Daskalov, Dimitar"]
[Result "0-1"]
[BlackElo "2338"]
[WhiteElo "2439"]
[LiveChessVersion "1.4.6"]

1. e4 {[%clk 1:30:58]} e5 {[%clk 1:30:54]} 2. Nf3 {[%clk 1:31:23]} Nf6
{[%clk 1:31:19]} 3. Nxe5 {[%clk 1:31:18]} d6 {[%clk 1:31:44]} 4. Nf3
{[%clk 1:31:43]} Nxe4 {[%clk 1:32:12]} 5. Bd3 {[%clk 1:31:30]} Nc5
{[%clk 1:29:19]} 6. Be2 {[%clk 1:31:16]} d5 {[%clk 1:13:53]} 7. d4
{[%clk 1:30:58]} Ne4 {[%clk 1:14:12]} 8. O-O {[%clk 1:30:59]} Be7
{[%clk 1:11:59]} 9. c4 {[%clk 1:28:02]} Nf6 {[%clk 1:09:44]} 10. Nc3
{[%clk 1:27:52]} O-O {[%clk 1:09:02]} 11. Bg5 {[%clk 1:26:47]} Nbd7
{[%clk 0:52:06]} 12. Rc1 {[%clk 1:25:54]} dxc4 {[%clk 0:50:55]} 13. Bxc4
{[%clk 1:25:22]} Nb6 {[%clk 0:51:16]} 14. Be2 {[%clk 1:24:48]} c6
{[%clk 0:50:21]} 15. Ne5 {[%clk 1:24:46]} Nfd5 {[%clk 0:47:11]} 16. Bd2
{[%clk 1:22:16]} Bf5 {[%clk 0:43:10]} 17. g4 {[%clk 1:20:29]} Be6
{[%clk 0:39:04]} 18. Ne4 {[%clk 1:19:40]} f5 {[%clk 0:36:10]} 19. gxf5
{[%clk 1:15:14]} Bxf5 {[%clk 0:36:33]} 20. Ng3 {[%clk 1:13:56]} Be6
{[%clk 0:29:43]} 21. Bd3 {[%clk 1:08:27]} Nd7 {[%clk 0:27:11]} 22. Qe2
{[%clk 0:59:33]} Nxe5 {[%clk 0:24:00]} 23. dxe5 {[%clk 0:59:47]} Nf4
{[%clk 0:19:13]} 24. Bxf4 {[%clk 0:59:11]} Rxf4 {[%clk 0:19:42]} 25. Qc2
{[%clk 0:54:50]} h6 {[%clk 0:19:51]} 26. Qe2 {[%clk 0:53:36]} Kh8
{[%clk 0:14:48]} 27. a3 {[%clk 0:49:20]} Qd4 {[%clk 0:12:23]} 28. Bb1
{[%clk 0:48:41]} Raf8 {[%clk 0:10:45]} 29. Rcd1 {[%clk 0:48:23]} Qc4
{[%clk 0:09:22]} 30. Bd3 {[%clk 0:48:16]} Qc5 {[%clk 0:09:12]} 31. b4
{[%clk 0:46:27]} Qb6 {[%clk 0:07:59]} 32. Bb1 {[%clk 0:45:26]} Qb5
{[%clk 0:01:48]} 33. Qd2 {[%clk 0:38:54]} Qxe5 {[%clk 0:00:35]} 34. Rde1
{[%clk 0:38:51]} Qf6 {[%clk 0:00:43]} 35. Qe3 {[%clk 0:37:59]} Bc4
{[%clk 0:01:03]} 36. Qxe7 {[%clk 0:38:06]} Qxe7 {[%clk 0:01:27]} 37. Rxe7
{[%clk 0:38:20]} Bxf1 {[%clk 0:01:56]} 38. Nxf1 {[%clk 0:37:41]} Rxf2
{[%clk 0:02:23]} 39. Ng3 {[%clk 0:37:53]} R2f7 {[%clk 0:02:24]} 40. Re6
{[%clk 1:07:04]} Rf6 {[%clk 0:32:31]} 41. Re7 {[%clk 1:07:25]} R6f7
{[%clk 0:28:42]} 42. Re6 {[%clk 1:07:36]} Rf3 {[%clk 0:29:03]} 43. Re7
{[%clk 1:03:15]} Rxa3 {[%clk 0:29:24]} 44. Bg6 {[%clk 1:02:14]} Rb3
{[%clk 0:24:29]} 45. Re4 {[%clk 1:02:32]} b6 {[%clk 0:21:42]} 46. Rc4
{[%clk 0:59:27]} b5 {[%clk 0:21:57]} 47. Rd4 {[%clk 0:57:58]} Rc3
{[%clk 0:22:10]} 48. Bd3 {[%clk 0:58:24]} c5 {[%clk 0:22:02]} 49. bxc5
{[%clk 0:58:53]} Rxc5 {[%clk 0:22:24]} 50. Ne4 {[%clk 0:59:20]} Rcf5
{[%clk 0:19:06]} 51. Nd6 {[%clk 0:59:22]} Rf4 {[%clk 0:19:12]} 52. Rd5
{[%clk 0:58:28]} b4 {[%clk 0:19:15]} 53. Nc4 {[%clk 0:58:56]} Rg4+
{[%clk 0:12:27]} 54. Kh1 {[%clk 0:59:23]} Rc8 {[%clk 0:12:37]} 55. Ra5
{[%clk 0:58:09]} Rgxc4 {[%clk 0:11:23]} 56. Bxc4 {[%clk 0:58:38]} Rxc4
{[%clk 0:11:46]} 57. Rxa7 {[%clk 0:59:07]} b3 {[%clk 0:10:11]} 58. Rb7
{[%clk 0:59:06]} Rc1+ {[%clk 0:10:37]} 59. Kg2 {[%clk 0:59:35]} Rc2+
{[%clk 0:11:01]} 60. Kg3 {[%clk 0:59:46]} b2 {[%clk 0:11:27]} 61. h4
{[%clk 0:59:49]} g6 {[%clk 0:10:32]} 62. h5 {[%clk 0:57:12]} gxh5
{[%clk 0:09:46]} 63. Kh4 {[%clk 0:56:53]} Kg8 {[%clk 0:10:09]} 64. Kxh5
{[%clk 0:56:06]} Rh2+ {[%clk 0:10:35]} 65. Kg6 {[%clk 0:54:40]} Kf8
{[%clk 0:11:01]} 66. Kf6 {[%clk 0:54:50]} Ke8 {[%clk 0:11:26]} 67. Ke6
{[%clk 0:55:17]} Re2+ {[%clk 0:11:38]} 0-1

[Event "WYCC Open U18"]
[Site "Porto Carras"]
[Date "2015.10.29"]
[Round "5.9"]
[White "Wu, Christopher"]
[Black "Iovcov, Valerii"]
[Result "0-1"]
[BlackElo "2421"]
[WhiteElo "2324"]
[LiveChessVersion "1.4.6"]

1. e4 {[%clk 1:30:47]} e5 {[%clk 1:30:48]} 2. Nf3 {[%clk 1:31:12]} Nc6
{[%clk 1:30:57]} 3. d4 {[%clk 1:31:15]} exd4 {[%clk 1:31:11]} 4. Nxd4
{[%clk 1:31:36]} Bc5 {[%clk 1:30:55]} 5. Nb3 {[%clk 1:31:49]} Bb6
{[%clk 1:30:59]} 6. Nc3 {[%clk 1:31:57]} Nge7 {[%clk 1:30:43]} 7. Na4
{[%clk 1:18:05]} O-O {[%clk 1:27:39]} 8. Be2 {[%clk 1:14:31]} d6 {[%clk 1:21:53]}
9. O-O {[%clk 1:12:00]} f5 {[%clk 1:15:26]} 10. exf5 {[%clk 1:10:51]} Bxf5
{[%clk 1:15:37]} 11. c3 {[%clk 1:08:52]} Qe8 {[%clk 1:12:07]} 12. Nxb6
{[%clk 1:01:15]} axb6 {[%clk 1:12:32]} 13. Nd4 {[%clk 0:50:24]} Nxd4
{[%clk 1:09:26]} 14. Qxd4 {[%clk 0:49:44]} Nc6 {[%clk 1:07:10]} 15. Qd1
{[%clk 0:47:43]} Qf7 {[%clk 1:00:46]} 16. b3 {[%clk 0:41:04]} Qg6
{[%clk 0:47:51]} 17. Qd2 {[%clk 0:29:14]} Rae8 {[%clk 0:42:04]} 18. Bc4+
{[%clk 0:26:08]} Be6 {[%clk 0:38:07]} 19. Bd3 {[%clk 0:23:52]} Bf5
{[%clk 0:32:21]} 20. Bxf5 {[%clk 0:21:47]} Rxf5 {[%clk 0:29:39]} 21. Bb2
{[%clk 0:16:32]} Rfe5 {[%clk 0:13:41]} 22. Rae1 {[%clk 0:15:55]} Rxe1
{[%clk 0:14:03]} 23. Rxe1 {[%clk 0:16:21]} Ne5 {[%clk 0:13:02]} 24. Re3
{[%clk 0:11:30]} Qb1+ {[%clk 0:07:58]} 25. Qc1 {[%clk 0:10:53]} Qg6
{[%clk 0:06:17]} 26. Qd1 {[%clk 0:09:38]} Rf8 {[%clk 0:06:20]} 27. c4
{[%clk 0:06:36]} Qf5 {[%clk 0:03:44]} 28. f3 {[%clk 0:06:55]} Qg5
{[%clk 0:04:01]} 29. Qe2 {[%clk 0:06:37]} Ng6 {[%clk 0:03:12]} 30. g3
{[%clk 0:06:51]} Nf4 {[%clk 0:03:24]} 31. Qe1 {[%clk 0:07:07]} Ng6
{[%clk 0:02:48]} 32. Kh1 {[%clk 0:07:26]} h5 {[%clk 0:02:10]} 33. Qc3
{[%clk 0:04:23]} Rf7 {[%clk 0:02:38]} 34. Bc1 {[%clk 0:03:38]} Qf5
{[%clk 0:03:04]} 35. Kg2 {[%clk 0:03:24]} Ne5 {[%clk 0:03:07]} 36. f4
{[%clk 0:03:36]} h4 {[%clk 0:03:32]} 37. Qd2 {[%clk 0:02:41]} g5 {[%clk 0:02:38]}
38. Qe2 {[%clk 0:01:12]} gxf4 {[%clk 0:02:39]} 39. gxf4 {[%clk 0:01:31]} Rg7+
{[%clk 0:01:54]} 40. Kh1 {[%clk 0:31:58]} Qxf4 {[%clk 0:31:56]} 41. Bb2
{[%clk 0:26:26]} Rg5 {[%clk 0:22:00]} 42. Bxe5 {[%clk 0:24:01]} Rxe5
{[%clk 0:17:57]} 43. Rxe5 {[%clk 0:24:12]} dxe5 {[%clk 0:18:22]} 44. Kg2
{[%clk 0:22:42]} Kg7 {[%clk 0:16:55]} 45. Kh3 {[%clk 0:19:06]} Kf6
{[%clk 0:09:12]} 46. Qg4 {[%clk 0:19:26]} Qd4 {[%clk 0:07:09]} 47. Qxh4+
{[%clk 0:19:17]} Kf5 {[%clk 0:07:32]} 48. Qh7+ {[%clk 0:17:14]} Kf4
{[%clk 0:07:53]} 49. Kg2 {[%clk 0:15:49]} Ke3 {[%clk 0:06:43]} 50. Qh3+
{[%clk 0:13:07]} Kd2 {[%clk 0:07:07]} 51. Qh6+ {[%clk 0:13:32]} Ke2
{[%clk 0:07:26]} 52. Qh5+ {[%clk 0:13:56]} Ke1 {[%clk 0:07:20]} 53. Qf5
{[%clk 0:07:20]} e4 {[%clk 0:06:17]} 54. Qf1+ {[%clk 0:06:22]} Kd2
{[%clk 0:06:44]} 55. Qf4+ {[%clk 0:06:48]} Kc2 {[%clk 0:07:07]} 56. Kf1
{[%clk 0:06:58]} Qd1+ {[%clk 0:07:02]} 57. Kg2 {[%clk 0:07:18]} Qd2+
{[%clk 0:07:25]} 58. Qf2 {[%clk 0:07:29]} e3 {[%clk 0:07:45]} 0-1

[Event "WYCC Open U18"]
[Site "Porto Carras"]
[Date "2015.10.29"]
[Round "5.10"]
[White "Szotkowski, Jakub"]
[Black "Faizrakhmanov, Ramil"]
[Result "1/2-1/2"]
[BlackElo "2389"]
[WhiteElo "2328"]
[LiveChessVersion "1.4.6"]

1. d4 {[%clk 1:30:53]} Nf6 {[%clk 1:30:44]} 2. c4 {[%clk 1:31:02]} e6
{[%clk 1:30:53]} 3. g3 {[%clk 1:31:15]} d5 {[%clk 1:30:49]} 4. Bg2
{[%clk 1:31:12]} Be7 {[%clk 1:30:33]} 5. Nf3 {[%clk 1:31:21]} O-O
{[%clk 1:30:45]} 6. O-O {[%clk 1:31:35]} dxc4 {[%clk 1:30:15]} 7. Qc2
{[%clk 1:31:34]} a6 {[%clk 1:30:14]} 8. Qxc4 {[%clk 1:31:54]} b5 {[%clk 1:30:22]}
9. Qc2 {[%clk 1:32:14]} Bb7 {[%clk 1:30:34]} 10. Bd2 {[%clk 1:32:34]} Be4
{[%clk 1:30:12]} 11. Qc1 {[%clk 1:32:58]} c6 {[%clk 1:30:11]} 12. Be3
{[%clk 1:31:04]} Nbd7 {[%clk 1:28:33]} 13. Nc3 {[%clk 1:27:24]} Bg6
{[%clk 1:27:52]} 14. Rd1 {[%clk 1:15:13]} Rc8 {[%clk 1:24:51]} 15. a3
{[%clk 1:06:18]} Nd5 {[%clk 1:19:32]} 16. Qd2 {[%clk 0:55:52]} Bf6
{[%clk 1:11:58]} 17. Bg5 {[%clk 0:52:34]} Nxc3 {[%clk 0:54:38]} 18. bxc3
{[%clk 0:52:16]} Nb6 {[%clk 0:48:08]} 19. Bxf6 {[%clk 0:50:30]} gxf6
{[%clk 0:48:12]} 20. Qh6 {[%clk 0:39:17]} Nd5 {[%clk 0:46:03]} 21. Rdc1
{[%clk 0:35:31]} c5 {[%clk 0:36:33]} 22. c4 {[%clk 0:28:24]} bxc4
{[%clk 0:34:45]} 23. Rxc4 {[%clk 0:28:44]} cxd4 {[%clk 0:34:58]} 24. Rxd4
{[%clk 0:21:55]} Qb6 {[%clk 0:35:05]} 25. h4 {[%clk 0:18:08]} Nc3
{[%clk 0:29:54]} 26. Re1 {[%clk 0:17:47]} Qb5 {[%clk 0:27:15]} 27. Bf1
{[%clk 0:15:42]} Qh5 {[%clk 0:25:57]} 28. Qxh5 {[%clk 0:13:11]} Bxh5
{[%clk 0:26:21]} 29. g4 {[%clk 0:11:52]} Bg6 {[%clk 0:25:11]} 30. e3
{[%clk 0:06:42]} a5 {[%clk 0:22:20]} 31. Nd2 {[%clk 0:04:56]} h5 {[%clk 0:19:50]}
32. g5 {[%clk 0:04:17]} fxg5 {[%clk 0:16:23]} 33. hxg5 {[%clk 0:04:43]} Rfd8
{[%clk 0:12:28]} 34. Rxd8+ {[%clk 0:04:58]} Rxd8 {[%clk 0:12:55]} 35. Nc4
{[%clk 0:05:18]} Rd5 {[%clk 0:12:00]} 36. f4 {[%clk 0:05:39]} Rc5
{[%clk 0:11:49]} 37. Rc1 {[%clk 0:03:47]} Nd5 {[%clk 0:11:25]} 38. Rd1
{[%clk 0:02:49]} Bc2 {[%clk 0:09:38]} 39. Rd4 {[%clk 0:02:57]} Bb3
{[%clk 0:07:40]} 40. Kf2 {[%clk 0:32:43]} Kg7 {[%clk 0:37:30]} 41. Kf3
{[%clk 0:27:52]} Nc3 {[%clk 0:34:12]} 42. Nd2 {[%clk 0:25:36]} a4
{[%clk 0:30:07]} 43. Nxb3 {[%clk 0:21:11]} axb3 {[%clk 0:30:29]} 44. Rb4
{[%clk 0:21:38]} Nb1 {[%clk 0:26:09]} 45. Bd3 {[%clk 0:20:25]} Rc1
{[%clk 0:21:20]} 46. Ke2 {[%clk 0:18:39]} Nxa3 {[%clk 0:18:34]} 47. Rxb3
{[%clk 0:19:02]} Nc4 {[%clk 0:18:54]} 48. Rb7 {[%clk 0:14:57]} Nd6
{[%clk 0:15:51]} 49. Rd7 {[%clk 0:13:50]} Nf5 {[%clk 0:14:42]} 50. Bxf5
{[%clk 0:10:49]} exf5 {[%clk 0:15:07]} 51. Rd5 {[%clk 0:09:29]} h4
{[%clk 0:13:26]} 52. Kf3 {[%clk 0:08:12]} Rf1+ {[%clk 0:10:30]} 53. Kg2
{[%clk 0:08:20]} Re1 {[%clk 0:10:51]} 54. Re5 {[%clk 0:05:30]} Kg6
{[%clk 0:10:57]} 55. Kf2 {[%clk 0:04:20]} Ra1 {[%clk 0:06:14]} 56. Kf3
{[%clk 0:02:34]} 1/2-1/2

[Event "WYCC Open U18"]
[Site "Porto Carras"]
[Date "2015.10.29"]
[Round "5.11"]
[White "Kessler, Luca"]
[Black "Rahman, Adel"]
[Result "0-1"]
[BlackElo "2234"]
[WhiteElo "2380"]
[LiveChessVersion "1.4.6"]

1. e4 {[%clk 1:30:41]} c5 {[%clk 1:30:50]} 2. Nf3 {[%clk 1:30:12]} d6
{[%clk 1:31:13]} 3. d4 {[%clk 1:29:23]} cxd4 {[%clk 1:31:27]} 4. Nxd4
{[%clk 1:29:39]} Nf6 {[%clk 1:31:50]} 5. Nc3 {[%clk 1:29:55]} a6 {[%clk 1:32:16]}
6. Be2 {[%clk 1:27:41]} e6 {[%clk 1:31:49]} 7. f4 {[%clk 1:24:00]} Be7
{[%clk 1:28:45]} 8. O-O {[%clk 1:22:06]} O-O {[%clk 1:28:54]} 9. Kh1
{[%clk 1:22:06]} Qc7 {[%clk 1:28:24]} 10. Be3 {[%clk 1:18:24]} b5
{[%clk 1:18:48]} 11. e5 {[%clk 1:16:07]} dxe5 {[%clk 1:15:11]} 12. fxe5
{[%clk 1:15:51]} Nfd7 {[%clk 1:15:20]} 13. Bd3 {[%clk 1:16:02]} Nc5
{[%clk 1:02:06]} 14. Bxh7+ {[%clk 1:07:33]} Kxh7 {[%clk 1:02:19]} 15. Qh5+
{[%clk 1:07:56]} Kg8 {[%clk 1:02:45]} 16. Rf3 {[%clk 1:08:05]} f5
{[%clk 0:57:45]} 17. Bf4 {[%clk 0:35:36]} Ne4 {[%clk 0:35:34]} 18. Raf1
{[%clk 0:24:35]} Qc4 {[%clk 0:30:54]} 19. Nde2 {[%clk 0:10:14]} Bb7
{[%clk 0:25:31]} 20. b3 {[%clk 0:09:17]} Qc7 {[%clk 0:24:33]} 21. Nxe4
{[%clk 0:07:46]} Bxe4 {[%clk 0:24:01]} 22. Rg3 {[%clk 0:06:05]} Bc5
{[%clk 0:22:40]} 23. Bh6 {[%clk 0:01:55]} Rf7 {[%clk 0:21:04]} 24. Nf4
{[%clk 0:01:57]} Bf8 {[%clk 0:11:43]} 25. Nxe6 {[%clk 0:00:50]} Qxe5
{[%clk 0:11:05]} 26. Bxg7 {[%clk 0:00:48]} Rxg7 {[%clk 0:10:18]} 27. Rxg7+
{[%clk 0:01:00]} Bxg7 {[%clk 0:10:43]} 28. Qe8+ {[%clk 0:01:25]} Bf8
{[%clk 0:10:08]} 29. Qxf8+ {[%clk 0:01:49]} Kh7 {[%clk 0:10:34]} 30. Ng5+
{[%clk 0:01:32]} Kg6 {[%clk 0:10:54]} 31. Nf7 {[%clk 0:00:31]} Qg7
{[%clk 0:10:32]} 0-1

[Event "WYCC Open U18"]
[Site "Porto Carras"]
[Date "2015.10.29"]
[Round "5.12"]
[White "Salomon, Johan"]
[Black "David, Alexandru-Vasile"]
[Result "0-1"]
[BlackElo "2340"]
[WhiteElo "2458"]
[LiveChessVersion "1.4.6"]

1. d4 {[%clk 1:30:57]} d5 {[%clk 1:30:44]} 2. c4 {[%clk 1:31:19]} e6
{[%clk 1:31:11]} 3. Nc3 {[%clk 1:31:34]} c6 {[%clk 1:31:36]} 4. e3
{[%clk 1:28:32]} Bd6 {[%clk 1:31:50]} 5. Bd3 {[%clk 1:28:55]} f5 {[%clk 1:31:40]}
6. Nge2 {[%clk 1:29:20]} Nf6 {[%clk 1:32:05]} 7. f3 {[%clk 1:29:43]} O-O
{[%clk 1:32:00]} 8. O-O {[%clk 1:28:48]} Nbd7 {[%clk 1:21:59]} 9. Qc2
{[%clk 1:28:44]} dxc4 {[%clk 1:22:19]} 10. Bxc4 {[%clk 1:29:06]} Nb6
{[%clk 1:22:38]} 11. Bb3 {[%clk 1:17:57]} Kh8 {[%clk 1:19:38]} 12. e4
{[%clk 1:14:27]} fxe4 {[%clk 0:59:04]} 13. Nxe4 {[%clk 1:14:47]} Be7
{[%clk 0:48:19]} 14. Be3 {[%clk 1:07:56]} Nbd5 {[%clk 0:45:47]} 15. Bf2
{[%clk 1:08:16]} Nh5 {[%clk 0:45:19]} 16. N2g3 {[%clk 1:04:33]} Nhf4
{[%clk 0:45:07]} 17. a3 {[%clk 1:04:16]} Bd7 {[%clk 0:32:43]} 18. Nc5
{[%clk 0:59:53]} Bxc5 {[%clk 0:30:56]} 19. dxc5 {[%clk 1:00:13]} Qg5
{[%clk 0:30:56]} 20. Rfe1 {[%clk 0:38:14]} e5 {[%clk 0:28:55]} 21. h4
{[%clk 0:32:22]} Qf6 {[%clk 0:24:00]} 22. Rad1 {[%clk 0:21:34]} Nxg2
{[%clk 0:22:43]} 23. Rxe5 {[%clk 0:08:30]} Qxe5 {[%clk 0:15:12]} 24. Kxg2
{[%clk 0:06:58]} Nf4+ {[%clk 0:15:37]} 25. Kf1 {[%clk 0:05:08]} Qe7
{[%clk 0:14:13]} 26. Bd4 {[%clk 0:02:05]} Bh3+ {[%clk 0:09:54]} 27. Kf2
{[%clk 0:02:32]} Qxh4 {[%clk 0:09:55]} 28. Rg1 {[%clk 0:02:19]} Rad8
{[%clk 0:07:24]} 29. Be3 {[%clk 0:01:01]} Bf5 {[%clk 0:07:08]} 30. Qc3
{[%clk 0:00:33]} Qh2+ {[%clk 0:07:15]} 31. Ke1 {[%clk 0:00:51]} Rfe8
{[%clk 0:07:05]} 32. Qxg7+ {[%clk 0:00:31]} Kxg7 {[%clk 0:07:34]} 33. Nxf5+
{[%clk 0:00:36]} Kh8 {[%clk 0:08:01]} 0-1

[Event "WYCC Open U18"]
[Site "Porto Carras"]
[Date "2015.10.29"]
[Round "5.13"]
[White "Tutisani, Noe"]
[Black "Tan, Justin"]
[Result "1/2-1/2"]
[BlackElo "2445"]
[WhiteElo "2335"]
[LiveChessVersion "1.4.6"]

1. e4 {[%clk 1:30:56]} e5 {[%clk 1:30:53]} 2. Nf3 {[%clk 1:31:21]} Nc6
{[%clk 1:31:18]} 3. Bb5 {[%clk 1:31:48]} a6 {[%clk 1:31:45]} 4. Ba4
{[%clk 1:32:14]} Nf6 {[%clk 1:32:11]} 5. O-O {[%clk 1:32:40]} Be7
{[%clk 1:32:37]} 6. Re1 {[%clk 1:33:06]} b5 {[%clk 1:33:04]} 7. Bb3
{[%clk 1:33:32]} d6 {[%clk 1:33:30]} 8. c3 {[%clk 1:33:58]} O-O {[%clk 1:33:56]}
9. h3 {[%clk 1:34:25]} Na5 {[%clk 1:31:19]} 10. Bc2 {[%clk 1:34:49]} c5
{[%clk 1:31:47]} 11. d4 {[%clk 1:35:13]} Nd7 {[%clk 1:32:12]} 12. Nbd2
{[%clk 1:34:49]} exd4 {[%clk 1:32:37]} 13. cxd4 {[%clk 1:35:15]} Nc6
{[%clk 1:33:04]} 14. Nf1 {[%clk 1:33:03]} cxd4 {[%clk 1:31:01]} 15. Nxd4
{[%clk 1:32:34]} Nxd4 {[%clk 1:31:25]} 16. Qxd4 {[%clk 1:33:00]} Ne5
{[%clk 1:30:38]} 17. Qd1 {[%clk 1:31:30]} Be6 {[%clk 1:28:25]} 18. Ne3
{[%clk 1:31:40]} Rc8 {[%clk 1:23:25]} 19. b3 {[%clk 1:25:05]} Bf6
{[%clk 1:21:44]} 20. Rb1 {[%clk 1:23:06]} Nc6 {[%clk 1:21:55]} 21. Bd2
{[%clk 1:22:30]} g6 {[%clk 1:14:18]} 22. f4 {[%clk 1:21:42]} Bd4 {[%clk 1:13:04]}
23. f5 {[%clk 1:19:43]} Bd7 {[%clk 1:12:48]} 24. Kh1 {[%clk 1:19:26]} Re8
{[%clk 1:02:46]} 25. Nd5 {[%clk 1:15:50]} Be5 {[%clk 1:02:34]} 26. Be3
{[%clk 1:12:42]} Qh4 {[%clk 1:00:02]} 27. Rf1 {[%clk 1:12:20]} Ne7
{[%clk 0:40:47]} 28. Bf2 {[%clk 1:07:45]} Qg5 {[%clk 0:38:10]} 29. Nb6
{[%clk 0:57:27]} Rxc2 {[%clk 0:34:26]} 30. Qxc2 {[%clk 0:57:03]} Bc6
{[%clk 0:34:52]} 31. fxg6 {[%clk 0:56:30]} Qxg6 {[%clk 0:32:43]} 32. Rbe1
{[%clk 0:55:12]} d5 {[%clk 0:32:39]} 33. Qe2 {[%clk 0:52:13]} dxe4
{[%clk 0:32:52]} 34. Qg4 {[%clk 0:51:22]} f5 {[%clk 0:31:34]} 35. Qxg6+
{[%clk 0:51:47]} Nxg6 {[%clk 0:31:33]} 36. Rc1 {[%clk 0:51:47]} Re6
{[%clk 0:31:14]} 37. Rfd1 {[%clk 0:51:40]} Bf4 {[%clk 0:14:03]} 38. Rc5
{[%clk 0:46:16]} e3 {[%clk 0:14:20]} 39. Be1 {[%clk 0:45:56]} Ne7
{[%clk 0:10:19]} 40. Nc8 {[%clk 1:10:10]} Nxc8 {[%clk 0:38:40]} 41. Rd8+
{[%clk 1:10:07]} Be8 {[%clk 0:18:05]} 42. Rdxc8 {[%clk 1:09:36]} Be5
{[%clk 0:18:13]} 43. g3 {[%clk 1:05:54]} Kf7 {[%clk 0:18:15]} 44. Kg2
{[%clk 1:06:17]} Bd7 {[%clk 0:18:32]} 45. R8c7 {[%clk 1:06:28]} Bxc7
{[%clk 0:18:46]} 46. Rxc7 {[%clk 1:06:54]} Ke8 {[%clk 0:17:23]} 47. Kf3
{[%clk 1:05:45]} h6 {[%clk 0:16:27]} 48. Rc3 {[%clk 1:06:01]} Bc6+ 1/2-1/2